Linne & Ringsrud's Clinical Laboratory Science concepts, procedures, and clinical applications (Record no. 353269)
[ view plain ]
| 000 -LEADER | |
|---|---|
| fixed length control field | 00358nam a2200109Ia 4500 |
| 008 - FIXED-LENGTH DATA ELEMENTS--GENERAL INFORMATION | |
| fixed length control field | 180116s9999 xx 000 0 und d |
| 020 ## - INTERNATIONAL STANDARD BOOK NUMBER | |
| International Standard Book Number | 9780323225458 |
| 245 ## - TITLE STATEMENT | |
| Statement of responsibility, etc | Mary Louise Turgeon |
| Title | Linne & Ringsrud's Clinical Laboratory Science concepts, procedures, and clinical applications |
| 250 ## - EDITION STATEMENT | |
| Edition statement | 7th ed |
| 260 ## - PUBLICATION, DISTRIBUTION, ETC. (IMPRINT) | |
| Name of publisher, distributor, etc | Elsevier Mosby |
| Date of publication, distribution, etc | 2016 |
| 300 ## - PHYSICAL DESCRIPTION | |
| Extent | 668 pages |
| Withdrawn status | Lost status | Damaged status | Home library | Current library | Shelving location | Date acquired | Source of acquisition | Total Checkouts | Full call number | Barcode | Date last seen | Price effective from | Koha item type |
|---|---|---|---|---|---|---|---|---|---|---|---|---|---|
| South SEED-LPDH College Library | South SEED-LPDH College Library | South SEED-LPDH College Section | 01/16/2018 | Library Fund | RB 37 .T936 2016 | SSLC1652 | 05/15/2018 | 01/16/2018 | Books |